[Event "La Valetta ol (Men)"]
[Site "La Valetta"]
[Date "1980.11.22"]
[Round "3"]
[White "Schneider, Lars Ake"]
[Black "Sax, Gyula"]
[Result "1/2-1/2"]
[WhiteElo "2365"]
[BlackElo "2550"]
[PlyCount "53"]
[EventDate "1980.11.20"]
[EventType "team"]
[EventRounds "14"]
[EventCountry "MLT"]
[Source "ChessBase"]
[SourceDate "1999.11.16"]
[WhiteTeam "SWE"]
[BlackTeam "HUN"]
[WhiteTeamCountry "SWE"]
[BlackTeamCountry "HUN"]

1. e4 c5 2. Nf3 d6 3. d4 cxd4 4. Nxd4 Nf6 5. Nc3 g6 6. Be3 Bg7 7. f3 Nc6 8. Qd2
O-O 9. O-O-O d5 10. exd5 Nxd5 11. Nxc6 bxc6 12. Bd4 e5 13. Bc5 Re8 14. Nxd5
cxd5 15. Qxd5 Qxd5 16. Rxd5 Be6 17. Rd6 Bxa2 18. b3 Rec8 19. Rd5 a5 20. Kb2 a4
21. Bc4 axb3 22. cxb3 e4+ 23. Bd4 Rxc4 24. bxc4 Bxc4 25. Rd6 exf3 26. gxf3
Bxd4+ 27. Rxd4 1/2-1/2

[Event "La Valetta ol (Men)"]
[Site "La Valetta"]
[Date "1980.12.02"]
[Round "11"]
[White "Smejkal, Jan"]
[Black "Ribli, Zoltan"]
[Result "1/2-1/2"]
[WhiteElo "2565"]
[BlackElo "2585"]
[PlyCount "37"]
[EventDate "1980.11.20"]
[EventType "team"]
[EventRounds "14"]
[EventCountry "MLT"]
[Source "ChessBase"]
[SourceDate "1999.11.16"]
[WhiteTeam "CSR"]
[BlackTeam "HUN"]
[WhiteTeamCountry "CSR"]
[BlackTeamCountry "HUN"]

1. d4 Nf6 2. c4 e6 3. g3 d5 4. Bg2 dxc4 5. Nf3 c5 6. O-O Nc6 7. Qa4 cxd4 8.
Nxd4 Qxd4 9. Bxc6+ Bd7 10. Rd1 Qxd1+ 11. Qxd1 Bxc6 12. Qc2 h5 13. Qxc4 h4 14.
g4 Bd5 15. Qa4+ Bc6 16. Qc4 Bd5 17. Qf4 Ne4 18. Nc3 Bd6 19. Qf3 1/2-1/2